Oxford dictionary of current idiomatic English. V.2 : Phrase, Clause and sentence idioms /

שמור ב:
מידע ביבליוגרפי
מחבר ראשי: Cowie, A. P.
מחברים אחרים: Mackin, R., McCaig, I. R.
פורמט: ספר
שפה:English
יצא לאור: Oxford : Oxford University Press, 1983.
נושאים:
תגים: הוספת תג
אין תגיות, היה/י הראשונ/ה לתייג את הרשומה!
Thư viện lưu trữ: Mạng thư viện Đại học Đà Nẵng
LEADER 00974cam a2200349 i 4500
001 000043728
003 1771
005 20030408154114.0
008 010217|1983 vm 000 eng
020 |a 0194311503 
040 |a IRC  |c IRC  |d IRC 
041 0 |a eng 
082 1 4 |a 423  |b CO-A 
100 1 |a Cowie, A. P.  |q (Anthony Paul) 
245 0 0 |a Oxford dictionary of current idiomatic English.  |n V.2 :  |p Phrase, Clause and sentence idioms /  |c A. P. Cowie, R. Mackin, I. R. McCaig. 
260 |a Oxford :  |b Oxford University Press,  |c 1983. 
300 |a 685p. ;  |c 22cm. 
630 0 4 |a Oxford dictionary. 
630 0 4 |a Idiomatic. 
650 0 4 |a English language  |x Idioms  |v Dictionaries. 
700 1 |a Mackin, R. 
700 1 |a McCaig, I. R. 
OWN |a DUT 
999 |a From the UDN01 
TYP |a Monograph 
TYP |a Printed language 
980 |a Mạng thư viện Đại học Đà Nẵng